000 00430nam a2200181Ia 4500
001 19234
005 20260306171729.0
008 260306s9999||||xx |||||||||||||| ||und||
041 _aESP
082 _a658.81
_bG45
100 _aGilbreath, Bob
_eAUT
245 0 _aLa siguiente evolución del marketing
260 _c2011
300 _a288 páginas :
_c23 cm.
650 _aGEN
654 _aCAN
942 _cLIB
_dJUS
_fJUS
_2ddc
_n
999 _c19234
_d19234